00417pab a2200145 454500008004000000100001900040245007400059260000900133300001500142362001600157650002400173650002700197650001300224773003400237180718b1997 xxu||||| |||| 00| 0 eng d aD'Souza, Errol aLow taxation and high interest rates: adverse consequences for growth c1997 ap.1175-180 a17 & 24 May aIncome distribution aFinancial institutions aTaxation aEconomic and Political Weekly